| 000 | 00420cam a2200169ua 4500 | ||
|---|---|---|---|
| 003 | OSt | ||
| 008 | 250822b |||||||| |||| 00| 0 eng d | ||
| 041 | _aeng | ||
| 082 |
_a627.8 _bUDA/DE |
||
| 100 |
_aUdall, Stewart . _97740 |
||
| 245 | _aDesign of small dams / | ||
| 250 | _a1 / | ||
| 260 |
_a : _bOxford & IBH Publishing company , _c1968. |
||
| 300 | _a611 ; . | ||
| 700 | 1 |
_aDominy, Floyd.E . _97741 |
|
| 942 | _cBK | ||
| 999 |
_c1567 _d1567 |
||